| 000 | 01090nac a22003131u 4500 | ||
|---|---|---|---|
| 999 |
_c2998 _d2998 |
||
| 003 | EG-ScBUE | ||
| 005 | 20201108094835.0 | ||
| 008 | 200219r19531952enk f 000 0 eng d | ||
| 040 |
_aEG-ScBUE _beng _erda _cEG-ScBUE _dEG-ScBUE |
||
| 082 | 0 | 4 |
_a813.52 _bHEM _222 |
| 100 | 1 |
_aHemingway, Ernest, _d1899-1961, _eauthor. _910946 |
|
| 245 | 1 | 4 |
_aThe old man & the sea / _cErnest Hemingway. |
| 250 | _aReprinted edition. | ||
| 264 | 1 |
_aLondon : _bJonathan Cape, _c1953. |
|
| 300 |
_a127 pages ; _c22 cm |
||
| 336 |
_2rdacontent _atext _btxt |
||
| 337 |
_2rdamedia _aunmediated _bn |
||
| 338 |
_2rdacarrier _avolume _bnc |
||
| 500 | _aSource: Copyright deposit, Sept. 12, 1952. | ||
| 650 | 7 |
_aFishers _vFiction. _2BUEsh _924513 |
|
| 650 | 7 |
_aOlder men _vFiction. _2BUEsh |
|
| 650 | 7 |
_aMale friendship _vFiction. _2BUEsh |
|
| 653 |
_bHHUUEENN _cNovember2020 |
||
| 655 | 7 |
_aBildungsromane. _vReading book |
|
| 655 | 7 |
_aAllegories. _vReading book _928115 |
|
| 710 | 2 | _aHerman Finkelstein Collection (Library of Congress) | |
| 942 |
_cBB _k813H373 _2ddc |
||